| 000 | 00793nam a2200241 i 4500 | ||
|---|---|---|---|
| 005 | 20240307113944.0 | ||
| 008 | 240307s1971 io a f 000 p may d | ||
| 020 | _qpaperback | ||
| 040 |
_aPPAK _beng _cPPAK _erda |
||
| 082 | 0 | 4 |
_223 _a899.2211 |
| 090 | 0 | 0 |
_a899.2211 _bAHA _dKSA |
| 100 | 0 |
_aA. Hasjmy, _d1914- _eauthor. |
|
| 245 | 1 | 0 |
_aHIKAJAT PRANG SABI MENDJIWAI PERANG ATJEH LAWAN BELANDA / _cOleh: A. HASJMY |
| 264 | 1 |
_aBANDA ATJEH : _bFIRMA PUSTAKA FARABY, _c1971 |
|
| 300 |
_aviii, 253 pages : _billustrations ; _c23 cm |
||
| 336 |
_atext _2rdacontent |
||
| 337 |
_aunmediated _2rdamedia |
||
| 338 |
_avolume _2rdacarrier |
||
| 504 | _aBibliography : pages 252-253 | ||
| 650 | 1 | 0 | _aIndonesian poetry |
| 651 | 0 |
_aAceh (Indonesia) _xHistory |
|
| 942 |
_2ddc _cB |
||
| 999 |
_c195302 _d195302 |
||